000 01172cam a2200301 a 4500
001 12307601
003 OSt
005 20180117085952.0
008 010212s2002 caua b 001 0 eng
010 _a 2001022236
020 _a053459400X (alk. paper)
020 _a0534593100 (pbk. : alk. paper)
040 _aDLC
_cDLC
_dDLC
050 0 0 _aBF121
_b.W38 2002
082 0 0 _a150
_221
100 1 _aWeiten, Wayne,
_d1950-
245 1 0 _aPsychology :
_bthemes and variations : briefer version /
_cWayne Weiten.
250 _a5th ed.
260 _aBelmont, CA :
_bWadsworth/Thomson Learning,
_cc2002.
300 _axliv, 523, [98] p. :
_bill. (some col.) ;
_c28 cm.
504 _aIncludes bibliographical references and index.
650 0 _aPsychology.
700 1 _aWeiten, Wayne,
_d1950-
_tPsychology (5th ed.)
906 _a7
_bcbc
_corignew
_d1
_eocip
_f20
_gy-gencatlg
942 _2ddc
_cBK
999 _c2910
_d2910